000 00341nam a2200145Ia 4500
005 20251222142008.0
008 251222s9999||||xx |||||||||||||| ||spa||
020 _a9788416511075
082 _a372.414/W57
100 _aWillinghan, Daniel T.
245 0 _aEducando NiƱos Lectores:
250 _a1ra.ed.
264 _bTEELL
942 _cLIB
999 _c10233
_d10233